000 00703nam a22002417a 4500
003 UA-OsUOA
001 27300
007 ta
008 20040623b un ||||| |||| 00| 0 ukr d
090 _a738(477)
_bУ45
942 _cBK
040 _aUA-OsUOA
_bukr
_cUA-OsUOA
_dUA-OsUOA
245 _aУкраїнське гончарство
_bнауковий збірник за минулі літа
_cупор. О. Пошивайло
300 _a520 с.
955 _a1
041 _aukr
080 _a738(477)
020 _a5-7720-0860-9
260 _aОпішне
_bМолодь
_c1993
044 _aUA
650 7 _a738 Художня кераміка. Гончарство
_2UDC
999 _c313644
_d313644